| 000 | 01434nam0a22003131 4500 | ||
|---|---|---|---|
| 001 | rc\2126180 | ||
| 005 | 20250623091506.0 | ||
| 035 | _a(NLR Aleph) 006698922 | ||
| 090 |
_a5223582 _c5223582 |
||
| 100 | _a20110829d1978 |||y0rusy50 ca | ||
| 101 | 0 | _arus | |
| 102 | _aRU | ||
| 105 | _aa z ||||| | ||
| 200 | 1 |
_aАвтоматический контроль и регулирование технологических процессов отделочного производства _fБеленький Л.И., Швырев С.С., Омельянчук Л.А. |
|
| 210 |
_aМосква _cЛег. индустрия _d1978 |
||
| 215 |
_a261 с. _cил. _d22 |
||
| 320 | _aСписок лит.: с. 256-259 (87 назв.) | ||
| 606 |
_aТкани (текстил.) _xОтделка _xАвтоматизация _2psbo |
||
| 606 |
_aКонтрольно-измерительные инструменты и приборы в текстильной промышленности, автоматические _2psbo |
||
| 700 | 1 |
_aБеленький _bЛ.И. _gЛюдвиг Иосифович |
|
| 701 | 1 |
_aОмельянчук _bЛ.А. _gЛидия Александровна |
|
| 701 | 1 |
_aШвырев _bС.С. _gСергей Сергеевич |
|
| 801 | 0 |
_aRU _bNLR _gpsbo |
|
| 801 | 1 |
_aRU _bELAR _2rusmarc |
|
| 852 |
_aNLR _j78-5/1263 |
||
| 899 |
_aRuMoRGB _jБ 78-7/258 |
||
| 899 |
_aRuMoRGB _jБ 78-7/257 |
||
| 942 | _cBOOK | ||
| 980 | _aNB | ||